The final breakthrough! [

Bibliographic Details
Main Author: Robbins, Anthony
Format: Book
Published: California : Robbins Research International , 1989
Series:Personal power!
Subjects:

MARC

LEADER 00000cam a2200000 7i4500
001 0000001434
002 000001578
005 20021029.0
020 |a T000000219 
090 0 0 |a 153.43   |b ROB 
100 1 |a Robbins, Anthony 
245 1 4 |a The final breakthrough! [  |h sound recording]   |c Anthony Robbins 
260 |a California :   |b Robbins Research International ,   |c 1989 
300 |a 2 sound cassettes (112 minutes) 
490 0 |a Personal power! 
650 0 0 |a Problem solving   |x Life skills 
999 |a 00040   |b KASET   |c KOLEKSI AUDIO VIDEO   |e PERPUSTAKAAN KOMUNITI PETALING JAYA